Statistics for Lesser Antilles Capitals Quiz

Click here to take the quiz!

General Stats

  • This quiz has been taken 49 times
    (47 since last reset)
  • The average score is 7 of 8

Answer Stats

CountryCapital% Correct
BarbadosBridgetown
100%
Antigua and BarbudaSaint John's
100%
Saint Kitts and NevisBasseterre
94%
Trinidad and TobagoPort of Spain
94%
DominicaRoseau
88%
Saint LuciaCastries
76%
Saint Vincent and the GrenadinesKingstown
76%
GrenadaSaint George
76%

Score Distribution

Percentile by Number Answered

Percent of People with Each Score

Your Score History

You have not taken this quiz since the last reset